<?xml version="1.0" encoding="UTF-8"?>
<collection xmlns="http://www.loc.gov/MARC21/slim">
 <record>
  <leader>00472cam a2200133 7i4500</leader>
  <controlfield tag="001">0000053305</controlfield>
  <controlfield tag="005">20140610090000.0</controlfield>
  <datafield tag="090" ind1="0" ind2="0">
   <subfield code="a">DS 646.35 </subfield>
   <subfield code="b">.B7 1984</subfield>
  </datafield>
  <datafield tag="245" ind1="0" ind2="0">
   <subfield code="a">Brunei berdaulat  </subfield>
   <subfield code="c">Kerajaan negara Brunei Darussalam.</subfield>
  </datafield>
  <datafield tag="260" ind1="0" ind2="0">
   <subfield code="a">Singapore: </subfield>
   <subfield code="b">Federal Publications for the Government of Brunei Darussalam, </subfield>
   <subfield code="c">1984.</subfield>
  </datafield>
  <datafield tag="300" ind1=" " ind2=" ">
   <subfield code="a">142 p.: </subfield>
   <subfield code="b">ill. (some col.); </subfield>
   <subfield code="c">35 cm..</subfield>
  </datafield>
  <datafield tag="590" ind1=" " ind2=" ">
   <subfield code="a">Pusat Pendidikan Asas dan Liberal</subfield>
  </datafield>
  <datafield tag="650" ind1="0" ind2="0">
   <subfield code="a">Brunei </subfield>
  </datafield>
  <datafield tag="999" ind1=" " ind2=" ">
   <subfield code="a">1100040721</subfield>
   <subfield code="b">Book</subfield>
   <subfield code="c">Rujukan</subfield>
   <subfield code="e">KOLEKSI RUJUKAN</subfield>
  </datafield>
 </record>
</collection>
